[Event "THA-ch"]
[Site "Bangkok"]
[Date "2015.11.08"]
[Round "6"]
[White "Khanijou, Rajbir Singh"]
[Black "Kasetchol, Sathit"]
[Result "0-1"]
[WhiteElo "1741"]
[BlackElo "2012"]
[PlyCount "100"]
[EventDate "2015.11.06"]
[EventType "swiss"]
[EventRounds "9"]
[EventCountry "THA"]
[SourceTitle "CBM 169 Extra"]
[Source "ChessBase"]
[SourceDate "2015.12.18"]
[SourceVersion "1"]
[SourceVersionDate "2015.12.18"]
[SourceQuality "1"]

1. d4 Nf6 2. e3 d5 3. Bd3 Nc6 4. f4 Nb4 5. Nf3 Nxd3+ 6. cxd3 c6 7. Ne5 h5 8. 0-0 Bf5 9. Nd2 Ng4 10. Qe2 Qb6 11. Nb3 Qb5 12. Nc5 Nxe5 13. fxe5 e6 14. a4 Qb6 15. b4 Bxc5 16. bxc5 Qa6 17. Ra3 b6 18. Qf3 bxc5 19. e4 Bg6 20. exd5 cxd5 21. dxc5 0-0 22. d4 Rab8 23. Ra1 Qc4 24. Be3 Rb3 25. Qf2 Qd3 26. Rfe1 Rfb8 27. Qd2 Qa6 28. Rec1 Rb2 29. Qe1 Re2 30. Qg3 Rbb2 31. c6 Rxg2+ 32. Qxg2 Rxg2+ 33. Kxg2 Qe2+ 34. Bf2 Be4+ 35. Kg1 Qf3 36. Kf1 Bd3+ 37. Kg1 Qg4+ 38. Bg3 Qxd4+ 39. Bf2 Qg4+ 40. Bg3 Ba6 41. c7 Kh7 42. Rab1 h4 43. c8Q Bxc8 44. Rxc8 hxg3 45. Rbb8 Qd4+ 46. Kg2 Qf2+ 47. Kh3 g2 48. Rh8+ Kg6 49. Rh4 g1N+ 50. Kg4 Qf3# 0-1

[Event "THA-ch"]
[Site "Bangkok"]
[Date "2015.11.07"]
[Round "4"]
[White "Khanijou, Rajbir Singh"]
[Black "Prasitsoonthorn, Teerachoti"]
[Result "1/2-1/2"]
[WhiteElo "1741"]
[BlackElo "1528"]
[PlyCount "157"]
[EventDate "2015.11.06"]
[EventType "swiss"]
[EventRounds "9"]
[EventCountry "THA"]
[SourceTitle "CBM 169 Extra"]
[Source "ChessBase"]
[SourceDate "2015.12.18"]
[SourceVersion "1"]
[SourceVersionDate "2015.12.18"]
[SourceQuality "1"]

1. d4 d5 2. e3 c5 3. c3 Nf6 4. Bd3 cxd4 5. exd4 e6 6. Nd2 Bd6 7. Ngf3 Nc6 8. 0-0 0-0 9. Re1 Qc7 10. Qe2 b6 11. Ne5 Bxe5 12. dxe5 Nd7 13. Nf3 h6 14. Bf4 Bb7 15. Qe3 Rfe8 16. h4 Nc5 17. Rad1 Nxd3 18. Rxd3 Ne7 19. Nd4 Ba6 20. Rdd1 Kh7 21. g4 Qd8 22. h5 Rg8 23. Kh2 Rh8 24. Kh3 g6 25. Rg1 g5 26. Bg3 Qg8 27. f4 Qg7 28. Rd2 Rhg8 29. Rf2 Raf8 30. Rf3 Bc8 31. Rgf1 f5 32. exf6 Rxf6 33. fxg5 Rxf3 34. g6+ Nxg6 35. hxg6+ Qxg6 36. Qxf3 e5 37. Qf7+ Qxf7 38. Rxf7+ Kg6 39. Rxa7 exd4 40. cxd4 h5 41. Be5 hxg4+ 42. Kg3 Kf5 43. a4 Re8 44. Rf7+ Ke4 45. b3 Kd3 46. Rc7 Ke4 47. Rc6 Rf8 48. Rxb6 Rf3+ 49. Kg2 Rc3 50. b4 Rc2+ 51. Kg3 Rc3+ 52. Kg2 Rc2+ 53. Kf1 Rc1+ 54. Ke2 Ra1 55. a5 Ra2+ 56. Kd1 Kd3 57. Kc1 Kc3 58. Rc6+ Kxb4 59. Rxc8 Rxa5 60. Rb8+ Kc3 61. Rc8+ Kd3 62. Kb2 Ra6 63. Rc3+ Kd2 64. Rc2+ Kd3 65. Rg2 Rb6+ 66. Ka3 Rg6 67. Kb4 Ke4 68. Kc5 Kf3 69. Rg1 Ke4 70. Re1+ Kf3 71. Kxd5 g3 72. Rg1 g2 73. Ra1 g1Q 74. Rxg1 Rxg1 75. Ke6 Rd1 76. d5 Ke4 77. d6 Rd5 78. Bh2 Rxd6+ 79. Kxd6 1/2-1/2

[Event "THA-ch"]
[Site "Bangkok"]
[Date "2015.11.07"]
[Round "3"]
[White "Kulpruethanon, Thanadon"]
[Black "Khanijou, Rajbir Singh"]
[Result "1-0"]
[WhiteElo "2206"]
[BlackElo "1741"]
[PlyCount "77"]
[EventDate "2015.11.06"]
[EventType "swiss"]
[EventRounds "9"]
[EventCountry "THA"]
[SourceTitle "CBM 169 Extra"]
[Source "ChessBase"]
[SourceDate "2015.12.18"]
[SourceVersion "1"]
[SourceVersionDate "2015.12.18"]
[SourceQuality "1"]

1. Nf3 d5 2. c4 c6 3. cxd5 cxd5 4. d4 Nc6 5. Nc3 Bg4 6. Ne5 Nxe5 7. dxe5 e6 8. Qa4+ Qd7 9. Qxg4 Ne7 10. e3 a6 11. Bd3 Ng6 12. Qg3 Bc5 13. 0-0 0-0 14. Bd2 Rac8 15. Ne2 Qc7 16. Bc3 Rfd8 17. Rac1 Qb6 18. h4 Rf8 19. h5 Ne7 20. h6 g6 21. Qg5 f6 22. exf6 Nf5 23. Bxf5 exf5 24. Nf4 Kf7 25. Nxd5 Qe6 26. Nf4 Qe4 27. Qg3 Rg8 28. Nh3 g5 29. Bd4 f4 30. Nxg5+ Rxg5 31. Qxg5 Rg8 32. Qxg8+ Kxg8 33. Rxc5 f3 34. Rg5+ Kf8 35. Rc1 fxg2 36. Rc8+ Kf7 37. Rc7+ Ke6 38. Re7+ Kd6 39. Rxe4 1-0